Normal view
MARC view
Entry Personal Name
001 - CONTROL NUMBER
- control field: 29459
003 - CONTROL NUMBER IDENTIFIER
- control field: dpl
005 - DATE AND TIME OF LATEST TRANSACTION
- control field: 20110711164221.0
008 - FIXED-LENGTH DATA ELEMENTS
- fixed length control field: 110711|||a|||||| | ||| d
040 ## - CATALOGING SOURCE
- Original cataloging agency: dpl
- Transcribing agency: dpl
100 ## - HEADING--PERSONAL NAME
- Personal name: Wang, C.K.
- Dates associated with a name: 1917-
- Fuller form of name: Wang, Chu-Kia,
670 ## - SOURCE DATA FOUND
- Source citation: Work cat.: (dpl): Wang, C.K. 1917- Wang, Chu-Kia,, Intermediate structural analysis /, 2011 (repr)
670 ## - SOURCE DATA FOUND
- Source citation: Work cat.: (dpl): Wang, C.K. 1917- Wang, Chu-Kia,, Intermediate structural analysis /, 2011 (repr)
